000 00440nam a2200169Ia 4500
008 230524s9999 xx 000 0 und d
020 _a9788181288332
082 _bLYS
100 _aSergey Fdward Lyshevski
_942080
245 0 _aControl Systems Theory with Engineering Applictions
250 _a1
260 _aBostoN
_bSpringer
_c2008
300 _a"VI,415p;"
500 _aQuantity Number: 1
650 _aElectrical
942 _cBK
999 _c56487
_d56487